Seçim 2011 (Record no. 8713)

MARC details
000 -BAŞLIK
Sabit Uzunlukta Kontrol Alanı 01136na a2200337 4500
001 - KONTROL NUMARASI
Denetim Alanı 14691
003 - KONTROL NUMARASI IDENTIFIER
Denetim Alanı MIRAKIL
005 - SON İŞLEM TARİHİ VE ZAMANI
Denetim Alanı 20181213155222.0
008 - SABİT-BOY VERİ ELEMANLARI - GENEL BİLGİLER
Sabit Uzunlukta Kontrol Alanı 160830b tu 000 0
020 ## - ULUSLARARASI STANDART KİTAP NUMARASI
Uluslararası Standart Kitap Numarası 9786056163012
035 ## - SİSTEM KONTROL NUMARASI
Sistem Kontrol Numarası 14691
040 ## - KATALOGLAMA KAYNAK
Orijinal Kataloglama Ajansı Milas
Kataloglama Dili tur
Metne Dönüştürmek Ajansı TR-AnCHP
082 ## - DEWEY ONLU SINIFLANDIRMA NUMARASI
Sınıflandırma Numarası 324.9 2011
Ürün Numarası T85s 2011
090 ## - SINIFLAMA NUMARASI
Sınıflama Numarası 324.9 2011 T85s 2011
100 ## - ANA GİRİŞ - KİŞİSEL İSİM
Kişisel Ad Tuncer, Erol
245 ## - BAŞLIK TABLOSU
Başlık Seçim 2011
Başlığın Kalan 12 Haziran 2011 milletvekili genel seçimleri : sayısal ve siyasal değerlendirme
Sorumluluk Tablosu, Vb Erol Tuncer
246 ## - UNVAN FORM VARYING
Başlık Doğru / Kısa Başlığı 2011 seçimleri
246 ## - UNVAN FORM VARYING
Başlık Doğru / Kısa Başlığı 12 Haziran 2011 milletvekili genel seçimleri
260 ## - YAYIN, DAĞITIM, VB
Yayın, Dağıtım, Vb Yeri Ankara
Yayıncı, Dağıtıcı, Vs Adı TESAV
Yayın, Dağıtım, Vb Tarihi 2011
300 ## - FİZİKSEL TANIM
Kapsam xvi, 360 s.
Diğer Fiziksel Ayrıntıları grf., hrt., tbl.
Boyutlar 27 sm.
490 ## - SERİSİ TABLOSU
Seri Beyanı TESAV yayınları
Hacim / Ardışık Tanımı 37
504 ## - KAYNAKÇA VB NOT
Kaynakça Vb Notu Kaynakça var.
650 ## - KONU KATMA GİRİŞ - TOPİKAL DÖNEM
Topikal Süreli Veya Coğrafi Ad Giriş Elemanı Siyasal tarih
Kronolojik Alt Bölümü 2011-2015
Coğrafi Alt Bölümü Türkiye
650 ## - KONU KATMA GİRİŞ - TOPİKAL DÖNEM
Topikal Süreli Veya Coğrafi Ad Giriş Elemanı Siyasal partiler
Genel Alt Bölümü 2011-2015
Coğrafi Alt Bölümü Türkiye
650 ## - KONU KATMA GİRİŞ - TOPİKAL DÖNEM
Topikal Süreli Veya Coğrafi Ad Giriş Elemanı Hükümetler
Genel Alt Bölümü 2011-2015
Coğrafi Alt Bölümü Türkiye
650 ## - KONU KATMA GİRİŞ - TOPİKAL DÖNEM
Topikal Süreli Veya Coğrafi Ad Giriş Elemanı TBMM
Genel Alt Bölümü 24. Dönem
Kronolojik Alt Bölümü 2011-2015
650 ## - KONU KATMA GİRİŞ - TOPİKAL DÖNEM
Topikal Süreli Veya Coğrafi Ad Giriş Elemanı Seçimler
Kronolojik Alt Bölümü İstatistikler
Coğrafi Alt Bölümü Türkiye
651 ## - KONU KATMA GİRİŞ - COĞRAFİ ADI
Coğrafi İsim Türkiye
Genel Alt Bölümü Seçimler
Kronolojik Alt Bölümü Genel seçimler, 2011
651 ## - KONU KATMA GİRİŞ - COĞRAFİ ADI
Coğrafi İsim Türkiye
Genel Alt Bölümü Siyaset ve yönetim
Kronolojik Alt Bölümü 2011-2015
942 ## - EKLENDİ GİRİŞ ELEMANLARI (KOHA)
Sınıflandırma Veya Raf Düzeni Kaynak Dewey Decimal Classification
Koha Öğesi Türü Books
999 ## - SİSTEM KONTROL NUMARALARI (KOHA)
Koha Biblionumber 8713
Koha Biblioitemnumber 8713
Holdings
Kalıcı Konum Mevcut Konum Edinme Tarihi Edinim Kaynak Toplam Check-Out'Lar Tam Çağrı Numarası Barkod Tarih Son Görülme İtibaren Geçerli Fiyatlar Koha Öğesi Türü Kopya Sayısı
CHP Kütüphanesi CHP Kütüphanesi 08/30/2016 Bağış   324.9 2011 T85s 2011 003030 08/30/2016 08/30/2016 Books  
CHP Kütüphanesi CHP Kütüphanesi 08/30/2016 Bağış   324.9 2011 T85s 2011 003031 08/30/2016 08/30/2016 Books k.2
CHP Kütüphanesi CHP Kütüphanesi 09/16/2016 Bağış   324.9 2011 T85s 2011 006008 09/16/2016 09/16/2016 Books k.3